[Event "DEM U10 2012"]
[Site "Oberhof GER"]
[Date "2012.05.27"]
[Round "1"]
[White "Mätzkow, Maximilian Paul"]
[Black "Demme, Miriam"]
[Result "1-0"]
[Termination "normal"]
[Board "1"]
[WhiteElo "1685"]
[BlackElo "1207"]
[PlyCount "59"]
[WhiteFideId "24679933"]
[BlackFideId "12966703"]
[EventCountry "GER"]
[EventRounds "11"]
[EventType "swiss"]
[EventDate "2012.05.26"]

1. e4 c5 2. Nc3 d6 3. d3 Nf6 4. g3 g6 5. Bg2 Nc6 6. f4 Nd4 7. Nge2 Bg4 8. h3
Bf3 9. O-O Bxg2 10. Kxg2 Bg7 11. Nxd4 cxd4 12. Ne2 O-O 13. Nxd4 Qb6 14. c3 Nd7
15. Nf3 Qc6 16. Be3 f5 17. Qb3+ Kh8 18. exf5 Rxf5 19. Kh2 Rb5 20. Qc2 Re8 21.
Nd4 Bxd4 22. Bxd4+ Kg8 23. a4 Rb4 24. Qe2 Rxa4 25. Qe6+ Kf8 26. Rxa4 Qxa4 27.
f5 Nf6 28. fxg6 hxg6 29. Rxf6+ Kg7 30. Rxg6+ 1-0

[Event "DEM U10 2012"]
[Site "Oberhof GER"]
[Date "2012.05.27"]
[Round "1"]
[White "Santos, Leonardo"]
[Black "Renger, Niklas"]
[Result "1/2-1/2"]
[Termination "normal"]
[Board "2"]
[WhiteElo "1189"]
[BlackElo "1622"]
[PlyCount "41"]
[WhiteFideId "12965049"]
[BlackFideId "12908096"]
[EventCountry "GER"]
[EventRounds "11"]
[EventType "swiss"]
[EventDate "2012.05.26"]

1. e4 c5 2. Nc3 Nc6 3. Bb5 d6 4. Bxc6+ bxc6 5. d3 e6 6. f4 g6 7. Nf3 Bg7 8. O-O
Ne7 9. Qe1 O-O 10. f5 exf5 11. Qh4 fxe4 12. dxe4 d5 13. Bh6 dxe4 14. Rad1 Qc7
15. Bf4 Qb7 16. Nxe4 Nf5 17. Qe1 Nd4 18. b3 Nxc2 19. Qd2 Nd4 20. Bh6 Nxf3+ 21.
gxf3 1/2-1/2

[Event "DEM U10 2012"]
[Site "Oberhof GER"]
[Date "2012.05.27"]
[Round "1"]
[White "Wierzbicki, Jirawat"]
[Black "Wastian, Mareike"]
[Result "1-0"]
[Termination "normal"]
[Board "3"]
[WhiteElo "1541"]
[BlackElo "1174"]
[PlyCount "89"]
[WhiteFideId "1153579"]
[BlackFideId "12947423"]
[EventCountry "GER"]
[EventRounds "11"]
[EventType "swiss"]
[EventDate "2012.05.26"]

1. e4 c6 2. d4 d5 3. Nc3 dxe4 4. Nxe4 Nd7 5. Nf3 Ngf6 6. Ng3 e6 7. Bd3 Be7 8.
O-O Qc7 9. b3 O-O 10. Bb2 Nd5 11. c4 N5f6 12. Qc2 b6 13. Rfe1 Bb7 14. Rad1 Rfe8
15. Ne5 c5 16. Nxd7 Qxd7 17. dxc5 h6 18. Bh7+ Kf8 19. Rxd7 Nxd7 20. Rxe6 fxe6
21. Nh5 Nf6 22. Nxf6 Bxf6 23. Bxf6 Rad8 24. Bxd8 Rxd8 25. cxb6 axb6 26. h3 Rd7
27. Be4 Bc8 28. Qe2 Rf7 29. Qe3 Re7 30. Qxb6 Kf7 31. Qd8 Re8 32. Qc7+ Kg8 33.
Bg6 Rf8 34. a4 Ba6 35. Qe7 Bc8 36. Bh7+ Kxh7 37. Qxf8 Bb7 38. Qe7 Bc8 39. a5
Kg6 40. Qe8+ Kh7 41. Qxc8 e5 42. Qf5+ Kg8 43. a6 e4 44. a7 e3 45. a8=R# 1-0

[Event "DEM U10 2012"]
[Site "Oberhof GER"]
[Date "2012.05.27"]
[Round "1"]
[White "Könze, Heike"]
[Black "Tong, Kevin"]
[Result "0-1"]
[Termination "normal"]
[Board "4"]
[WhiteElo "1172"]
[BlackElo "1612"]
[PlyCount "68"]
[WhiteFideId "12964476"]
[BlackFideId "12913944"]
[EventCountry "GER"]
[EventRounds "11"]
[EventType "swiss"]
[EventDate "2012.05.26"]

1. e4 c5 2. Nf3 Nc6 3. d4 cxd4 4. Nxd4 Nf6 5. Nc3 g6 6. Be3 Bg7 7. Bc4 O-O 8.
Qd2 Ng4 9. Nxc6 bxc6 10. Bf4 Qb6 11. f3 Qxb2 12. Rb1 Qxc3 13. fxg4 Qxc4 14. Rb4
Qc3 15. O-O d6 16. g5 Qc5+ 17. Be3 Bc3 18. Bxc5 Bxd2 19. Rd4 Be3+ 20. Kh1 Bxd4
21. Bxd4 c5 22. Bc3 Ba6 23. Re1 Rab8 24. g4 Rb7 25. h4 Rfb8 26. Kg2 Rb1 27. Re3
Rc1 28. h5 Rxc2+ 29. Kg3 Rb1 30. h6 Rg1+ 31. Kf3 Rh1 32. Kg3 Bf1 33. Be1 Rh3+
34. Kf4 e5# 0-1

[Event "DEM U10 2012"]
[Site "Oberhof GER"]
[Date "2012.05.27"]
[Round "1"]
[White "Rockmann, Jan-Okke"]
[Black "Faal, Marcel"]
[Result "1-0"]
[Termination "normal"]
[Board "5"]
[WhiteElo "1767"]
[BlackElo "1169"]
[PlyCount "43"]
[WhiteFideId "12942111"]
[BlackFideId "1271978"]
[EventCountry "GER"]
[EventRounds "11"]
[EventType "swiss"]
[EventDate "2012.05.26"]

1. e4 c5 2. Nf3 Nc6 3. c3 e6 4. d4 d5 5. e5 Be7 6. Bd3 Qb6 7. O-O a6 8. a3 Bd7
9. dxc5 Bxc5 10. b4 Be7 11. Re1 a5 12. Bb2 h6 13. Nbd2 Nd8 14. Qe2 Nc6 15. b5
Na7 16. c4 dxc4 17. Nxc4 Qc7 18. b6 Qc8 19. bxa7 Rxa7 20. Rac1 Qb8 21. Bd4 Ra8
22. Nb6 1-0

[Event "DEM U10 2012"]
[Site "Oberhof GER"]
[Date "2012.05.27"]
[Round "1"]
[White "Feil, Alexander"]
[Black "Meyling, Lennart"]
[Result "0-1"]
[Termination "normal"]
[Board "6"]
[WhiteElo "1162"]
[BlackElo "1572"]
[PlyCount "78"]
[WhiteFideId "4002954"]
[BlackFideId "12947130"]
[EventCountry "GER"]
[EventRounds "11"]
[EventType "swiss"]
[EventDate "2012.05.26"]

1. e4 c5 2. d4 cxd4 3. c3 Nf6 4. e5 Nd5 5. cxd4 e6 6. Nf3 b6 7. Bb5 Bb7 8. O-O
Be7 9. a3 O-O 10. Re1 Nc6 11. Nc3 Nxc3 12. bxc3 a6 13. Bd3 Rc8 14. Bb2 Na5 15.
Rc1 Bd5 16. Bxa6 Ra8 17. Bb5 Nb3 18. Rc2 Bxa3 19. Bxa3 Rxa3 20. c4 Be4 21. Rc3
Bxf3 22. Qxf3 Nxd4 23. Qd3 Rxc3 24. Qxc3 Nxb5 25. cxb5 d5 26. exd6 Qxd6 27. Qb3
h6 28. Rd1 Qe5 29. g3 Rc8 30. Qb4 Qf5 31. g4 Qc2 32. Qe1 Qc4 33. f3 Qc5+ 34.
Kg2 Qxb5 35. Rb1 Rc2+ 36. Kg3 Qc5 37. Rd1 Qc7+ 38. f4 Qc3+ 39. Kh4 Rxh2# 0-1

[Event "DEM U10 2012"]
[Site "Oberhof GER"]
[Date "2012.05.27"]
[Round "1"]
[White "Mantel, Ruben"]
[Black "Stirnberg, Noah"]
[Result "1-0"]
[Termination "normal"]
[Board "7"]
[WhiteElo "1539"]
[BlackElo "1145"]
[PlyCount "109"]
[WhiteFideId "12930121"]
[BlackFideId "16207742"]
[EventCountry "GER"]
[EventRounds "11"]
[EventType "swiss"]
[EventDate "2012.05.26"]

1. e4 c5 2. Nf3 d6 3. d4 cxd4 4. Nxd4 Nf6 5. Nc3 a6 6. f3 Nbd7 7. Be3 e6 8. Bd3
Be7 9. O-O Qc7 10. f4 b5 11. f5 e5 12. Nb3 Bb7 13. a3 Rc8 14. Qe2 O-O 15. Bf2
Ne8 16. a4 b4 17. Nd5 Bxd5 18. exd5 f6 19. a5 Kh8 20. Rfc1 Nc5 21. Nxc5 dxc5
22. Bxa6 Rd8 23. Rd1 Nd6 24. Bd3 Rc8 25. b3 Ra8 26. a6 Rfb8 27. Ra4 Qb6 28.
Rda1 Ra7 29. Ra5 Nc8 30. Qh5 Bf8 31. Rb5 Qc7 32. Qe8 Kg8 33. Bc4 Nd6 34. Qxb8
Qxb8 35. Rxb8 Kf7 36. Bxc5 Rc7 37. Bxd6 Bxd6 38. Rb7 Bc5+ 39. Kf1 Rxb7 40. axb7
Bd6 41. Ra8 Ke7 42. b8=Q Bxb8 43. Rxb8 Kd6 44. Rc8 Kd7 45. Rc6 e4 46. Ke2 e3
47. Kxe3 Ke7 48. Kd4 Kd7 49. Kc5 Ke7 50. Re6+ Kd8 51. Kc6 g6 52. g4 h6 53. h4
g5 54. h5 Kc8 55. Re8# 1-0

[Event "DEM U10 2012"]
[Site "Oberhof GER"]
[Date "2012.05.27"]
[Round "1"]
[White "Lindow, Max"]
[Black "Wong, Gengchun"]
[Result "0-1"]
[Termination "normal"]
[Board "8"]
[WhiteElo "1128"]
[BlackElo "1511"]
[PlyCount "80"]
[WhiteFideId "16211057"]
[BlackFideId "12963283"]
[EventCountry "GER"]
[EventRounds "11"]
[EventType "swiss"]
[EventDate "2012.05.26"]

1. e4 c5 2. Nf3 d6 3. Nc3 Nf6 4. Bc4 a6 5. a4 Nc6 6. d3 Bg4 7. h3 Bh5 8. Nd5
Nxd5 9. exd5 Nd4 10. g4 Bg6 11. c3 Qa5 12. Nxd4 cxd4 13. b4 Qb6 14. a5 Qa7 15.
Qa4+ Kd8 16. b5 dxc3 17. b6 Qb8 18. Ra3 h5 19. g5 f6 20. f4 Qc8 21. Rxc3 Bf7
22. Bb2 Qf5 23. Bxa6 Rxa6 24. Qc4 Bxd5 25. Qc7+ Ke8 26. Rh2 Ra8 27. gxf6 gxf6
28. Rcc2 Kf7 29. Ba3 Bc6 30. Rxc6 bxc6 31. b7 Bh6 32. Re2 Qxa5+ 33. Qxa5 Rxa5
34. Bb4 Rb5 35. Bc3 Rxb7 36. f5 Rg8 37. Bd4 Rb1+ 38. Kf2 Rgg1 39. Kf3 Rbf1+ 40.
Ke4 d5# 0-1

[Event "DEM U10 2012"]
[Site "Oberhof GER"]
[Date "2012.05.27"]
[Round "1"]
[White "ter Stal, Sven"]
[Black "Huber, Benedikt"]
[Result "1-0"]
[Termination "normal"]
[Board "9"]
[WhiteElo "1498"]
[BlackElo "1121"]
[PlyCount "31"]
[WhiteFideId "12946443"]
[BlackFideId "12923583"]
[EventCountry "GER"]
[EventRounds "11"]
[EventType "swiss"]
[EventDate "2012.05.26"]

1. e4 c5 2. Nc3 g6 3. f4 Bg7 4. Nf3 Nc6 5. Bc4 d6 6. d3 a6 7. a3 b5 8. Ba2 Bb7
9. O-O Qc7 10. Bxf7+ Kxf7 11. Ng5+ Ke8 12. Ne6 Qc8 13. Nxg7+ Kf7 14. Nh5 gxh5
15. Qxh5+ Ke6 16. Qf5# 1-0

[Event "DEM U10 2012"]
[Site "Oberhof GER"]
[Date "2012.05.27"]
[Round "1"]
[White "Baladjaev, Leyla"]
[Black "Schilay, Lorenz"]
[Result "0-1"]
[Termination "normal"]
[Board "10"]
[WhiteElo "1113"]
[BlackElo "1494"]
[PlyCount "124"]
[WhiteFideId "12960217"]
[BlackFideId "12930180"]
[EventCountry "GER"]
[EventRounds "11"]
[EventType "swiss"]
[EventDate "2012.05.26"]

1. d4 d5 2. Nf3 Nf6 3. g3 e6 4. Bg2 Nbd7 5. O-O Bd6 6. c4 c6 7. Nbd2 b6 8. b3
O-O 9. Bb2 Re8 10. Ne5 Qc7 11. Ndf3 Ne4 12. Nxd7 Qxd7 13. Ne5 Bxe5 14. dxe5 Nc5
15. Ba3 Nb7 16. Qc2 Rd8 17. e4 d4 18. Qd3 c5 19. b4 Qc7 20. f4 Bd7 21. Rf2 a6
22. Qf3 cxb4 23. Bxb4 Qxc4 24. Bd2 Nc5 25. f5 Qd3 26. Qg4 Kh8 27. f6 Rg8 28.
Qf4 Be8 29. fxg7+ Rxg7 30. Qf6 Nd7 31. Qe7 Rc8 32. Bg5 Kg8 33. Bh6 Rg6 34. Bg5
h6 35. Bf6 Nxf6 36. Rxf6 Qe3+ 37. Rf2 Qg5 38. Qxg5 Rxg5 39. Rd2 Rxe5 40. Rxd4
Rc6 41. Bf1 a5 42. Bb5 Rxb5 43. a4 Rb4 44. Rad1 Rxd4 45. Rxd4 Rc2 46. Kf1 Rxh2
47. Ke1 Rb2 48. Kd1 Rb4 49. Rxb4 axb4 50. Kc2 Bxa4+ 51. Kb2 f5 52. e5 h5 53.
Kc1 h4 54. gxh4 f4 55. Kd2 f3 56. Ke3 b3 57. Kxf3 b2 58. Ke2 b1=Q 59. Kd2 Qc2+
60. Ke3 Qc4 61. Kd2 Qb3 62. Kc1 Qc2# 0-1

[Event "DEM U10 2012"]
[Site "Oberhof GER"]
[Date "2012.05.27"]
[Round "1"]
[White "Biastoch, Bennet"]
[Black "Schmidtmann, Samantha"]
[Result "1-0"]
[Termination "normal"]
[Board "11"]
[WhiteElo "1488"]
[BlackElo "1109"]
[PlyCount "47"]
[WhiteFideId "12939889"]
[BlackFideId "12956759"]
[EventCountry "GER"]
[EventRounds "11"]
[EventType "swiss"]
[EventDate "2012.05.26"]

1. e4 c5 2. Nc3 Nc6 3. f4 g6 4. Bc4 Bg7 5. d3 e6 6. Nf3 d6 7. O-O Nge7 8. Bb3
O-O 9. Qe1 Rb8 10. Qh4 b5 11. Ng5 h6 12. Nh3 a5 13. a4 b4 14. Ne2 Bd7 15. Ng3
Qc7 16. Ra2 Rfe8 17. f5 Nd4 18. f6 g5 19. Bxg5 Ng6 20. Qh5 Kh7 21. fxg7 Kxg7
22. Qxh6+ Kg8 23. Bf6 Nxb3 24. Qg7# 1-0

[Event "DEM U10 2012"]
[Site "Oberhof GER"]
[Date "2012.05.27"]
[Round "1"]
[White "Brehm, Mirja"]
[Black "Keymer, Vincent"]
[Result "0-1"]
[Termination "normal"]
[Board "12"]
[WhiteElo "1097"]
[BlackElo "1721"]
[PlyCount "120"]
[BlackFideId "12940690"]
[EventCountry "GER"]
[EventRounds "11"]
[EventType "swiss"]
[EventDate "2012.05.26"]

1. e4 c5 2. Nf3 d6 3. c3 Nf6 4. Be2 Nc6 5. d3 c4 6. h3 e6 7. b3 cxd3 8. Bxd3
Be7 9. O-O O-O 10. Bg5 a6 11. Bxf6 Bxf6 12. Qc1 Qc7 13. Ng5 h6 14. Nh7 Kxh7 15.
e5+ g6 16. exf6 Ne5 17. Qd1 Nd7 18. Qf3 Qc6 19. Be4 d5 20. Bd3 Ne5 21. Qe3 Nxd3
22. Qxd3 e5 23. Qf3 Bf5 24. Re1 Be4 25. Qe3 Rfe8 26. f3 Bxb1 27. Raxb1 Qxf6 28.
Rbd1 Qc6 29. Qd3 Rad8 30. c4 dxc4 31. Qxc4 Qxc4 32. bxc4 Rc8 33. Rc1 Rc5 34.
Rc2 b5 35. Rec1 Rec8 36. Re1 bxc4 37. Rf1 f5 38. g4 f4 39. Re1 Rd8 40. Rce2 c3
41. Rxe5 Rxe5 42. Rxe5 c2 43. Re7+ Kg8 44. Rc7 Rd1+ 45. Kf2 c1=Q 46. Rxc1 Rxc1
47. Kg2 g5 48. a4 Kf7 49. a5 Ke6 50. Kh2 Kd5 51. Kg2 Kd4 52. Kf2 Kd3 53. h4
Rc2+ 54. Ke1 Rd2 55. h5 Ke3 56. Kf1 Re2 57. Kg1 Kxf3 58. Kf1 Ke3 59. Kg1 f3 60.
Kh1 f2 0-1

[Event "DEM U10 2012"]
[Site "Oberhof GER"]
[Date "2012.05.27"]
[Round "1"]
[White "Yankelevich, Michael"]
[Black "Bierfreund, Trine"]
[Result "1-0"]
[Termination "normal"]
[Board "13"]
[WhiteElo "1718"]
[BlackElo "1083"]
[PlyCount "111"]
[WhiteFideId "12921440"]
[BlackFideId "12957372"]
[EventCountry "GER"]
[EventRounds "11"]
[EventType "swiss"]
[EventDate "2012.05.26"]

1. e4 e5 2. Nf3 Nc6 3. Bc4 Nf6 4. Ng5 d5 5. exd5 Na5 6. d3 Bd7 7. Bd2 Nxc4 8.
dxc4 c5 9. Be3 Qc7 10. Nc3 Bd6 11. Nge4 Nxe4 12. Nxe4 f5 13. Nxd6+ Qxd6 14. Qe2
O-O 15. O-O-O Rab8 16. Rd3 e4 17. Rb3 f4 18. Bd2 Rfe8 19. g3 f3 20. Qe1 Qa6 21.
Ra3 Qxc4 22. Bf4 Ra8 23. Qd2 Qd4 24. Qxd4 cxd4 25. Rd1 a6 26. Rxd4 Rad8 27. Bc7
Rc8 28. d6 Re5 29. Re3 Rce8 30. Kd2 Kf7 31. Kc3 Ke6 32. Rdxe4 Kd5 33. Rxe5+
Rxe5 34. Rxf3 b6 35. Rf7 Ke6 36. Re7+ Kf5 37. Rxd7 b5 38. Rxg7 Kf6 39. Rxh7 Kg6
40. Re7 Rxe7 41. dxe7 Kf7 42. Bd6 a5 43. f4 b4+ 44. Bxb4 axb4+ 45. Kxb4 Kxe7
46. a4 Kf6 47. a5 Kf5 48. a6 Kg4 49. a7 Kh3 50. a8=Q Kxh2 51. Kc3 Kh3 52. Kd4
Kh2 53. Ke3 Kh3 54. Kf3 Kh2 55. Qa1 Kh3 56. Qh1# 1-0

[Event "DEM U10 2012"]
[Site "Oberhof GER"]
[Date "2012.05.27"]
[Round "1"]
[White "Schulze, Nick"]
[Black "Rößler, Lukas"]
[Result "0-1"]
[Termination "normal"]
[Board "14"]
[WhiteElo "1072"]
[BlackElo "1515"]
[PlyCount "166"]
[WhiteFideId "12971847"]
[BlackFideId "12938718"]
[EventCountry "GER"]
[EventRounds "11"]
[EventType "swiss"]
[EventDate "2012.05.26"]

1. d4 d5 2. c4 e6 3. cxd5 exd5 4. Nc3 c5 5. Nf3 Nc6 6. e3 Nf6 7. Bd3 Be7 8. O-O
O-O 9. Bb5 a6 10. Bxc6 bxc6 11. Ne5 Qc7 12. Re1 Bd6 13. f4 cxd4 14. exd4 Re8
15. a3 Bb7 16. b4 Nd7 17. Qg4 Nxe5 18. fxe5 Bf8 19. Bf4 Qc8 20. Qg3 Re6 21. h3
Rg6 22. Qf3 Qd7 23. Na4 Re8 24. Rab1 Bc8 25. Nb6 Qxh3 26. Qxh3 Bxh3 27. Re2 Bg4
28. Rf2 Bf5 29. Rbb2 Be4 30. Kh1 Rg4 31. Ra2 g6 32. Nd7 Rh4+ 33. Kg1 Bg7 34.
Bg5 Rg4 35. Nf6+ Bxf6 36. Bxf6 h5 37. Kh2 Bd3 38. Rad2 Bc4 39. Rf3 Re4 40. Rc3
Rc8 41. a4 Re2 42. Rxe2 Bxe2 43. Rc5 Bc4 44. a5 Bb5 45. Rc3 Bc4 46. Rf3 Rb8 47.
Be7 Rb7 48. Bg5 Rxb4 49. Rf6 Rb8 50. Rxc6 Re8 51. Kh3 Rb8 52. e6 fxe6 53. Rxe6
Bd3 54. Bf4 Rf8 55. Re3 Rxf4 56. Rxd3 Rf6 57. Rc3 Kf7 58. Rc7+ Ke6 59. Ra7 Kf5
60. Re7 Re6 61. Rf7+ Ke4 62. g3 Kxd4 63. Kh4 Re4+ 64. Kg5 Rg4+ 65. Kh6 Rxg3 66.
Rf4+ Ke5 67. Rb4 Ra3 68. Kxg6 Rxa5 69. Kxh5 d4 70. Kg4 Ra3 71. Rb2 Ke4 72. Re2+
Re3 73. Rf2 d3 74. Rf4+ Ke5 75. Rf5+ Kd4 76. Rf6 d2 77. Rd6+ Kc3 78. Rc6+ Kd3
79. Rd6+ Ke2 80. Rxa6 d1=Q 81. Ra2+ Ke1+ 82. Kf4 Qf3+ 83. Kg5 Qd5+ 0-1

[Event "DEM U10 2012"]
[Site "Oberhof GER"]
[Date "2012.05.27"]
[Round "1"]
[White "Engel, Luis"]
[Black "Petrow, Jonas"]
[Result "1-0"]
[Termination "normal"]
[Board "15"]
[WhiteElo "1463"]
[BlackElo "1067"]
[PlyCount "59"]
[WhiteFideId "12961523"]
[BlackFideId "12991805"]
[EventCountry "GER"]
[EventRounds "11"]
[EventType "swiss"]
[EventDate "2012.05.26"]

1. e4 c5 2. Nf3 Nc6 3. d4 cxd4 4. Nxd4 d6 5. c4 Nf6 6. Nc3 g6 7. Be3 Bg7 8. Be2
O-O 9. Qd2 Bg4 10. f3 Bd7 11. Nc2 e5 12. Qxd6 Be6 13. Qxd8 Raxd8 14. Nd5 a6 15.
Bc5 b5 16. Bxf8 Kxf8 17. Nxf6 Bxf6 18. cxb5 Bg5 19. bxc6 Rd2 20. Rc1 Ke7 21. h4
Bh6 22. h5 gxh5 23. Rxh5 Rxe2+ 24. Kxe2 Bxc1 25. Rxe5 Bxb2 26. Ra5 Bc4+ 27. Kd2
Bb5 28. a4 Bxc6 29. Rxa6 Kd6 30. Nb4 1-0

[Event "DEM U10 2012"]
[Site "Oberhof GER"]
[Date "2012.05.27"]
[Round "1"]
[White "Pfreundt, Mathis"]
[Black "Schneider, Jana"]
[Result "1/2-1/2"]
[Termination "normal"]
[Board "16"]
[WhiteElo "1035"]
[BlackElo "1462"]
[PlyCount "159"]
[WhiteFideId "12967092"]
[BlackFideId "12924997"]
[EventCountry "GER"]
[EventRounds "11"]
[EventType "swiss"]
[EventDate "2012.05.26"]

1. e4 e5 2. Nf3 Nc6 3. Bc4 Bc5 4. c3 Nf6 5. d3 d6 6. Bb3 O-O 7. Nbd2 Be6 8. Bc2
h6 9. Nf1 Ne7 10. d4 exd4 11. cxd4 Bb4+ 12. Bd2 Bxd2+ 13. Qxd2 d5 14. e5 Nd7
15. Ng3 b6 16. Qd3 g6 17. Qe3 Kh7 18. h4 Kg7 19. Qd3 c5 20. Nh5+ Kh7 21. Nf6+
Nxf6 22. exf6 Bf5 23. Qd2 Bxc2 24. Qxc2 Nf5 25. dxc5 Re8+ 26. Kf1 Qxf6 27. c6
Rac8 28. c7 Re7 29. Re1 Rcxc7 30. Qd2 Rxe1+ 31. Kxe1 Qc6 32. Ke2 Qc4+ 33. Qd3
Qxa2 34. Qd2 Qc4+ 35. Qd3 Qe4+ 36. Qxe4 dxe4 37. Nd2 e3 38. Ne4 exf2 39. Nf6+
Kh8 40. Kxf2 Rc2+ 41. Kf3 Kg7 42. Ne8+ Kf8 43. Nf6 Ke7 44. Nd5+ Kd6 45. Rd1 Kc5
46. b4+ Kc4 47. g4 Nd4+ 48. Ke4 Ne2 49. Ne3+ Kb3 50. Kd3 Nc3 51. Rf1 Ra2 52.
Rxf7 Kxb4 53. Rf6 Ne2 54. Nc2+ Kb3 55. Kxe2 Rxc2+ 56. Kf3 b5 57. Rxg6 b4 58.
Rxh6 Rc3+ 59. Ke2 Kb2 60. Ra6 Ra3 61. Rd6 Rc3 62. h5 b3 63. h6 a5 64. h7 Rh3
65. Rd7 a4 66. g5 a3 67. Rd2+ Ka1 68. g6 b2 69. Rd1+ b1=Q 70. Rxb1+ Kxb1 71. g7
a2 72. h8=Q Rxh8 73. gxh8=Q a1=Q 74. Qh7+ Kb2 75. Qb7+ Ka2 76. Qa6+ Kb1 77.
Qd3+ Ka2 78. Kd2 Qb2+ 79. Qc2 Qxc2+ 80. Kxc2 1/2-1/2

[Event "DEM U10 2012"]
[Site "Oberhof GER"]
[Date "2012.05.27"]
[Round "1"]
[White "Shoipov, Dennie"]
[Black "Mönster, Madita"]
[Result "1-0"]
[Termination "normal"]
[Board "17"]
[WhiteElo "1447"]
[BlackElo "1025"]
[PlyCount "39"]
[WhiteFideId "14137755"]
[BlackFideId "12947156"]
[EventCountry "GER"]
[EventRounds "11"]
[EventType "swiss"]
[EventDate "2012.05.26"]

1. e4 e5 2. Nf3 Nc6 3. Bc4 Nf6 4. d4 exd4 5. O-O Bc5 6. Bg5 h6 7. Bh4 d6 8. c3
dxc3 9. Nxc3 Bg4 10. Nd5 Ne5 11. Nxf6+ gxf6 12. Be2 Nxf3+ 13. Bxf3 Bxf3 14.
Qxf3 Bd4 15. Qd3 Bc5 16. Qc3 Rg8 17. Rad1 Qd7 18. Qxf6 Rg6 19. Qh8+ Rg8 20.
Qxg8# 1-0

[Event "DEM U10 2012"]
[Site "Oberhof GER"]
[Date "2012.05.27"]
[Round "1"]
[White "Haag, Lea"]
[Black "Graf, Justus Felix"]
[Result "0-1"]
[Termination "normal"]
[Board "18"]
[WhiteElo "1011"]
[BlackElo "1507"]
[PlyCount "88"]
[BlackFideId "12929212"]
[EventCountry "GER"]
[EventRounds "11"]
[EventType "swiss"]
[EventDate "2012.05.26"]

1. e4 c6 2. d4 d5 3. e5 c5 4. Nf3 cxd4 5. Nxd4 Nc6 6. Bf4 Nxd4 7. Qxd4 Bf5 8.
Bd3 Bxd3 9. cxd3 e6 10. Qa4+ Qd7 11. Qxd7+ Kxd7 12. Nc3 Rc8 13. O-O Bb4 14.
Rac1 Ne7 15. d4 Nf5 16. Be3 Rc4 17. Rfd1 Rhc8 18. Rd3 Nxe3 19. fxe3 a5 20. a3
Be7 21. Kf2 b5 22. Rcd1 Bxa3 23. R1d2 Bb4 24. Nxb5 Bxd2 25. Nd6 Bb4 26. Nxc8
Kxc8 27. b3 Rc2+ 28. Kf3 Rd2 29. Rxd2 Bxd2 30. Ke2 Bb4 31. g4 Kb7 32. h4 Kb6
33. Kf3 Kb5 34. Ke2 Be7 35. Kd3 Kb4 36. Kc2 Bxh4 37. Kb2 Be1 38. g5 Bd2 39. Kc2
Bc3 40. Kc1 Kxb3 41. Kb1 a4 42. e4 a3 43. exd5 a2+ 44. Kc1 a1=Q# 0-1

[Event "DEM U10 2012"]
[Site "Oberhof GER"]
[Date "2012.05.27"]
[Round "1"]
[White "Mertens, Yannick"]
[Black "Gazizov, Max"]
[Result "1-0"]
[Termination "normal"]
[Board "19"]
[WhiteElo "1701"]
[BlackElo "1009"]
[PlyCount "103"]
[WhiteFideId "12947865"]
[BlackFideId "12951323"]
[EventCountry "GER"]
[EventRounds "11"]
[EventType "swiss"]
[EventDate "2012.05.26"]

1. e4 d5 2. e5 Nc6 3. d4 e6 4. Nf3 Nge7 5. c3 Bd7 6. Bd3 g6 7. O-O Bg7 8. Bg5
Qc8 9. Nbd2 O-O 10. Nb3 b6 11. Qd2 Qb7 12. Bf6 Rfe8 13. Rfe1 Na5 14. Nxa5 bxa5
15. Rab1 Rab8 16. Qg5 Nf5 17. Qf4 Nh6 18. Bxg7 Kxg7 19. Qf6+ Kg8 20. Qh4 Kg7
21. Qf4 Bb5 22. Qe3 Qb6 23. Bxb5 Qxb5 24. Qe2 Qxe2 25. Rxe2 Rb6 26. Nd2 Reb8
27. Nb3 a4 28. Nc5 Rb5 29. Nxa4 Ng8 30. Nc5 Ne7 31. b4 a5 32. a4 Rxc5 33. dxc5
Nc8 34. b5 c6 35. Reb2 Na7 36. bxc6 Rxb2 37. Rxb2 Nxc6 38. f4 d4 39. cxd4 Nxd4
40. Rd2 Nb3 41. c6 Nxd2 42. c7 f6 43. exf6+ Kxf6 44. c8=Q g5 45. fxg5+ Kxg5 46.
Qc1 e5 47. Qxd2+ Kf5 48. Qd6 e4 49. Kf2 h5 50. Qd5+ Kf4 51. g3+ Kg4 52. h3+ 1-0

[Event "DEM U10 2012"]
[Site "Oberhof GER"]
[Date "2012.05.27"]
[Round "1"]
[White "Von Jan, Lena"]
[Black "Niemann, Alexander"]
[Result "0-1"]
[Termination "normal"]
[Board "20"]
[WhiteElo "1003"]
[BlackElo "1403"]
[PlyCount "208"]
[WhiteFideId "12946060"]
[BlackFideId "12939862"]
[EventCountry "GER"]
[EventRounds "11"]
[EventType "swiss"]
[EventDate "2012.05.26"]

1. e4 c5 2. Nf3 Nc6 3. d4 cxd4 4. Nxd4 g6 5. Be3 Bg7 6. Nc3 Nf6 7. f3 O-O 8.
Bc4 Qb6 9. Bb3 Ng4 10. fxg4 Bxd4 11. Bxd4 Nxd4 12. Qd2 Nxb3 13. cxb3 d6 14.
O-O-O Bxg4 15. Rde1 Rfc8 16. Kb1 Qa5 17. Re3 b5 18. Rhe1 a6 19. h3 Be6 20. R1e2
Qc7 21. g4 Qc5 22. Rg2 Ra7 23. Nd5 Bxd5 24. exd5 Rac7 25. Re1 Qa7 26. h4 Rc5
27. h5 Qb7 28. Rd1 R8c7 29. hxg6 hxg6 30. a3 e6 31. dxe6 fxe6 32. Rdg1 Qe4+ 33.
Ka2 Rc2 34. Qxd6 Rxg2 35. Rxg2 Qxg2 36. Qd8+ Kf7 37. Qxc7+ Kf6 38. Qd8+ Ke5 39.
Qc7+ Kd4 40. Qd6+ Qd5 41. Qf4+ Kd3 42. Qg3+ Kc2 43. Qf2+ Kd3 44. Qf1+ Ke4 45.
Qg2+ Kf4 46. Qf2+ Kxg4 47. Qg1+ Kf5 48. Qf2+ Ke5 49. Qg3+ Kf6 50. Qh4+ g5 51.
Qh6+ Kf5 52. Qf8+ Kg4 53. Qb4+ Kh5 54. Qc3 g4 55. Qh8+ Kg5 56. Qg8+ Kf4 57.
Qf8+ Kg3 58. Qg7 Qf3 59. Qe5+ Kg2 60. Qxe6 g3 61. Qxa6 Kg1 62. Qb6+ Qf2 63.
Qxb5 g2 64. a4 Kh2 65. Qh5+ Kg3 66. Qg5+ Kf3 67. Qf5+ Ke2 68. Qc2+ Ke3 69. Qc3+
Ke4 70. Qc6+ Kf5 71. Qd5+ Kg4 72. Qg8+ Kf3 73. Qf7+ Ke2 74. Qc4+ Kd1 75. Qd3+
Qd2 76. Qf3+ Kc1 77. Qc6+ Qc2 78. Qh6+ Kd1 79. Qh5+ Ke1 80. Qh4+ Kf1 81. Qf4+
Kg1 82. a5 Qc5 83. b4 Qd5+ 84. Ka3 Qd3+ 85. b3 Qf1 86. Qe3+ Kh2 87. Qh6+ Kg3
88. Qg5+ Kf2 89. Qf5+ Ke3 90. Qe5+ Kd3 91. Qb5+ Kc2 92. Qc5+ Kb1 93. Ka4 g1=Q
94. Qxg1 Qxg1 95. a6 Kb2 96. Ka5 Qa7 97. b5 Kxb3 98. b6 Qb8 99. a7 Qb7 100. Kb5
Kc3 101. Kc5 Kd3 102. Kb5 Kd4 103. Ka5 Kc4 104. a8=Q Qxa8# 0-1

[Event "DEM U10 2012"]
[Site "Oberhof GER"]
[Date "2012.05.27"]
[Round "1"]
[White "Preißler, Niklas"]
[Black "Voß, Henrike"]
[Result "1-0"]
[Termination "normal"]
[Board "21"]
[WhiteElo "1393"]
[BlackElo "1002"]
[PlyCount "31"]
[WhiteFideId "12927554"]
[BlackFideId "12971910"]
[EventCountry "GER"]
[EventRounds "11"]
[EventType "swiss"]
[EventDate "2012.05.26"]

1. e4 e5 2. Nf3 Nc6 3. d4 exd4 4. Nxd4 Bc5 5. Be3 Qf6 6. Nb5 Bxe3 7. fxe3 Qxb2
8. N1c3 Nb4 9. Kd2 Nf6 10. Rb1 Nxe4+ 11. Nxe4 Qxa2 12. Rxb4 Qd5+ 13. Bd3 O-O
14. Qg4 f5 15. Qh5 g6 16. Qg5 1-0